Annual report of the executive board for the financial year ended april 30, 2000 International Monetary Fund

Na minha lista:
Detalhes bibliográficos
Formato: Livro
Idioma:inglês
Publicado em: Washington International Monetary Fund 2000
Assuntos:
Tags: Adicionar Tag
Sem tags, seja o primeiro a adicionar uma tag!

MARC

LEADER 00000nam a2200000 4500
001 c122954
005 20221108082636.3
020 |a 1-55775-951-0 
022 |a 0250-7498 
041 0 |a eng 
044 |a US 
245 1 0 |a Annual report of the executive board for the financial year ended april 30, 2000  |b International Monetary Fund 
264 1 |a Washington  |b International Monetary Fund  |c 2000 
300 |a 234 s. 
610 2 0 |a hospodárstvo svetové 
610 2 0 |a krajiny rozvojové 
610 2 0 |a krajiny vyspelé 
610 2 0 |a trh kapitálový medzinárodný 
610 2 0 |a bankovníctvo 
610 2 0 |a únie menové 
610 2 0 |a kurz devízový 
610 2 0 |a politika peňažná 
610 2 0 |a kapitál 
610 2 0 |a liberalizácia 
610 2 0 |a rozpočty 
610 2 0 |a Medzinárodný menový fond